[Event "DVM U16 2014"]
[Site "Magdeburg GER"]
[Date "2014.12.30"]
[Round "7"]
[White "Herzum, Peter"]
[Black "Flüchter, Gregor"]
[Result "0-1"]
[Termination "normal"]
[Board "2.1"]
[WhiteElo "2024"]
[BlackElo "2127"]
[WhiteClock "00:00:55"]
[BlackClock "00:05:54"]
[WhiteTeam "Düsseldorfer SK"]
[BlackTeam "SF Brackel 1930"]
[PlyCount "66"]
[WhiteFideId "12919217"]
[BlackFideId "12903396"]
[EventCountry "GER"]
[EventRounds "7"]
[EventType "team-swiss"]
[EventDate "2014.12.26"]

1. e4 {[%clk 1:30:50]} c5 {[%clk 1:30:53]} 2. Nf3 {[%clk 1:31:07]} d6 {[%clk
1:31:15]} 3. d4 {[%clk 1:31:26]} cxd4 {[%clk 1:31:39]} 4. Nxd4 {[%clk 1:31:47]}
Nf6 {[%clk 1:31:57]} 5. Nc3 {[%clk 1:32:07]} a6 {[%clk 1:32:14]} 6. Be2 {[%clk
1:32:26]} e5 {[%clk 1:32:32]} 7. Nb3 {[%clk 1:32:46]} Be7 {[%clk 1:32:20]} 8.
O-O {[%clk 1:32:23]} O-O {[%clk 1:32:15]} 9. Kh1 {[%clk 1:32:34]} Be6 {[%clk
1:14:39]} 10. f4 {[%clk 1:20:47]} exf4 {[%clk 1:14:40]} 11. Bxf4 {[%clk
1:21:07]} Nc6 {[%clk 1:14:30]} 12. Qe1 {[%clk 1:19:19]} Ne5 {[%clk 1:09:28]}
13. Rd1 {[%clk 1:11:00]} Qc7 {[%clk 1:08:24]} 14. Nd4 {[%clk 1:10:50]} Rad8
{[%clk 0:58:59]} 15. Bg5 {[%clk 0:54:11]} Kh8 {[%clk 0:42:37]} 16. Nf5 {[%clk
0:49:12]} Ng8 {[%clk 0:34:11]} 17. Qg3 {[%clk 0:36:52]} Bxg5 {[%clk 0:30:23]}
18. Qxg5 {[%clk 0:35:27]} f6 {[%clk 0:30:39]} 19. Qg3 {[%clk 0:23:53]} Bxf5
{[%clk 0:19:18]} 20. exf5 {[%clk 0:24:15]} Ne7 {[%clk 0:19:35]} 21. Bd3 {[%clk
0:20:40]} Qb6 {[%clk 0:13:51]} 22. Rb1 {[%clk 0:20:40]} Rfe8 {[%clk 0:12:56]}
23. Ne2 {[%clk 0:16:30]} Nd5 {[%clk 0:12:48]} 24. Nf4 {[%clk 0:03:22]} Nxf4
{[%clk 0:12:58]} 25. Rxf4 {[%clk 0:03:36]} Re7 {[%clk 0:11:30]} 26. Qf2 {[%clk
0:02:58]} Qxf2 {[%clk 0:11:00]} 27. Rxf2 {[%clk 0:03:25]} Rde8 {[%clk 0:11:10]}
28. Kg1 {[%clk 0:03:43]} Kg8 {[%clk 0:10:20]} 29. h3 {[%clk 0:04:09]} Nxd3
{[%clk 0:06:14]} 30. cxd3 {[%clk 0:04:35]} Rc7 {[%clk 0:06:00]} 31. Kf1 {[%clk
0:03:00]} Kf7 {[%clk 0:05:58]} 32. Re1 {[%clk 0:02:46]} Re5 {[%clk 0:05:50]}
33. d4 {[%clk 0:00:55]} Rd5 {[%clk 0:05:54]} 0-1

[Event "DVM U16 2014"]
[Site "Magdeburg GER"]
[Date "2014.12.30"]
[Round "7"]
[White "Wastian, Jan"]
[Black "Lückerath, Moritz"]
[Result "1/2-1/2"]
[Termination "normal"]
[Board "2.4"]
[WhiteElo "1656"]
[BlackElo "1713"]
[WhiteClock "00:07:44"]
[BlackClock "00:11:34"]
[WhiteTeam "SF Brackel 1930"]
[BlackTeam "Düsseldorfer SK"]
[PlyCount "103"]
[WhiteFideId "12911640"]
[BlackFideId "12954810"]
[EventCountry "GER"]
[EventRounds "7"]
[EventType "team-swiss"]
[EventDate "2014.12.26"]

1. e4 {[%clk 1:30:54]} e5 {[%clk 1:30:54]} 2. Nf3 {[%clk 1:31:14]} d6 {[%clk
1:31:19]} 3. d4 {[%clk 1:31:12]} exd4 {[%clk 1:31:44]} 4. Nxd4 {[%clk 1:31:32]}
Nf6 {[%clk 1:31:58]} 5. Nc3 {[%clk 1:31:16]} Be7 {[%clk 1:32:14]} 6. Bc4 {[%clk
1:24:29]} O-O {[%clk 1:32:38]} 7. O-O {[%clk 1:24:02]} c6 {[%clk 1:32:56]} 8.
a4 {[%clk 1:18:46]} a5 {[%clk 1:33:23]} 9. Bf4 {[%clk 1:14:22]} Re8 {[%clk
1:22:27]} 10. Re1 {[%clk 1:11:39]} Bf8 {[%clk 1:19:53]} 11. h3 {[%clk 1:06:34]}
Nbd7 {[%clk 1:15:53]} 12. Nf3 {[%clk 1:03:48]} Nc5 {[%clk 1:10:12]} 13. Ng5
{[%clk 0:54:03]} Ne6 {[%clk 1:07:01]} 14. Qf3 {[%clk 0:47:07]} h6 {[%clk
1:01:00]} 15. Nxe6 {[%clk 0:44:16]} Bxe6 {[%clk 1:01:22]} 16. Bf1 {[%clk
0:38:47]} Qb6 {[%clk 0:57:11]} 17. b3 {[%clk 0:37:01]} Qb4 {[%clk 0:52:24]} 18.
Rad1 {[%clk 0:34:06]} d5 {[%clk 0:48:50]} 19. e5 {[%clk 0:31:07]} Nd7 {[%clk
0:48:13]} 20. Qg3 {[%clk 0:29:55]} Kh8 {[%clk 0:45:58]} 21. Bd2 {[%clk
0:27:39]} Qb6 {[%clk 0:45:00]} 22. Bd3 {[%clk 0:24:08]} Bc5 {[%clk 0:41:36]}
23. Rf1 {[%clk 0:23:12]} Bd4 {[%clk 0:37:37]} 24. Kh1 {[%clk 0:20:17]} Nxe5
{[%clk 0:35:28]} 25. Be2 {[%clk 0:17:41]} Bf5 {[%clk 0:23:17]} 26. f4 {[%clk
0:15:57]} Ng6 {[%clk 0:23:00]} 27. Bd3 {[%clk 0:14:01]} Bxd3 {[%clk 0:22:32]}
28. Qxd3 {[%clk 0:13:39]} Be3 {[%clk 0:19:14]} 29. f5 {[%clk 0:11:11]} Nf8
{[%clk 0:16:44]} 30. Rf3 {[%clk 0:09:12]} Bxd2 {[%clk 0:14:59]} 31. Qxd2 {[%clk
0:09:00]} Re5 {[%clk 0:11:34]} 32. f6 {[%clk 0:07:44]} g5 33. h4 Nd7 34. hxg5
hxg5 35. Rdf1 Rae8 36. Rh3+ Kg8 37. Rg3 Nxf6 38. Rxg5+ Kf8 39. Rxe5 Rxe5 40.
Qh6+ Kg8 41. Rxf6 Re1+ 42. Kh2 Qg1+ 43. Kg3 Re3+ 44. Rf3 Qe1+ 45. Kh2 Rxc3 46.
Qg5+ Kf8 47. Qd8+ Kg7 48. Qg5+ Kf8 49. Qh6+ Kg8 50. Qg5+ Kf8 51. Qd8+ Kg7 52.
Qf6+ 1/2-1/2

[Event "DVM U16 2014"]
[Site "Magdeburg GER"]
[Date "2014.12.30"]
[Round "7"]
[White "Peczely, Sebastian Zsombor"]
[Black "Kololli, Kevin"]
[Result "1/2-1/2"]
[Termination "normal"]
[Board "3.1"]
[WhiteElo "2197"]
[BlackElo "2178"]
[WhiteTeam "Schachgemeinschaft Leipzig"]
[BlackTeam "Lübecker SV"]
[PlyCount "67"]
[WhiteFideId "750964"]
[BlackFideId "12936863"]
[EventCountry "GER"]
[EventRounds "7"]
[EventType "team-swiss"]
[EventDate "2014.12.26"]

1. Nf3 Nf6 2. g3 g6 3. Bg2 Bg7 4. O-O O-O 5. c4 d6 6. d4 Nbd7 7. Nc3 Re8 8. h3
e5 9. dxe5 dxe5 10. Bg5 c6 11. Bxf6 Qxf6 12. Ne4 Qe7 13. Qb3 Nc5 14. Nxc5 Qxc5
15. Nd2 f5 16. a3 e4 17. e3 a5 18. Rfd1 a4 19. Qc2 Be6 20. Bf1 Qe5 21. Rab1 b5
22. b3 Rec8 23. Rdc1 Qd6 24. bxa4 Rxa4 25. cxb5 cxb5 26. Qxc8+ Bxc8 27. Rxc8+
Bf8 28. Bxb5 Ra7 29. Nc4 Qf6 30. a4 g5 31. Rd1 f4 32. g4 Rf7 33. Rc6 Qc3 34.
Nd2 1/2-1/2

[Event "DVM U16 2014"]
[Site "Magdeburg GER"]
[Date "2014.12.30"]
[Round "7"]
[White "Kreyssig, Bruno"]
[Black "Rieß, Alexander"]
[Result "1/2-1/2"]
[Termination "normal"]
[Board "3.3"]
[WhiteElo "1899"]
[BlackElo "1947"]
[WhiteClock "00:11:05"]
[BlackClock "00:42:25"]
[WhiteTeam "Schachgemeinschaft Leipzig"]
[BlackTeam "Lübecker SV"]
[PlyCount "59"]
[WhiteFideId "4692489"]
[BlackFideId "12953326"]
[EventCountry "GER"]
[EventRounds "7"]
[EventType "team-swiss"]
[EventDate "2014.12.26"]

1. e4 {[%clk 1:30:57]} c5 {[%clk 1:30:35]} 2. Nf3 {[%clk 1:30:55]} d6 {[%clk
1:30:26]} 3. d4 {[%clk 1:30:57]} cxd4 {[%clk 1:30:28]} 4. Nxd4 {[%clk 1:31:20]}
Nf6 {[%clk 1:30:51]} 5. Nc3 {[%clk 1:31:31]} a6 {[%clk 1:30:47]} 6. g3 {[%clk
1:29:45]} e5 {[%clk 1:30:34]} 7. Nde2 {[%clk 1:29:49]} Be6 {[%clk 1:28:39]} 8.
Bg5 {[%clk 1:28:27]} Nbd7 {[%clk 1:28:59]} 9. Bg2 {[%clk 1:24:44]} Be7 {[%clk
1:28:39]} 10. O-O {[%clk 1:23:05]} O-O {[%clk 1:26:36]} 11. h3 {[%clk 1:14:29]}
h5 {[%clk 1:24:13]} 12. f4 {[%clk 1:08:50]} Qb6+ {[%clk 1:20:28]} 13. Kh2
{[%clk 1:07:46]} Qxb2 {[%clk 1:12:28]} 14. Rb1 {[%clk 1:05:08]} Qa3 {[%clk
1:12:52]} 15. Rxb7 {[%clk 1:02:59]} Rfd8 {[%clk 1:09:48]} 16. Qd2 {[%clk
0:58:48]} Rab8 {[%clk 1:06:08]} 17. Rfb1 {[%clk 0:46:24]} Rxb7 {[%clk 1:03:20]}
18. Rxb7 {[%clk 0:46:36]} Kf8 {[%clk 1:03:42]} 19. Rb1 {[%clk 0:25:04]} Qa5
{[%clk 0:57:41]} 20. Rb7 {[%clk 0:18:52]} Bc4 {[%clk 0:53:05]} 21. Bxf6 {[%clk
0:17:19]} gxf6 {[%clk 0:51:25]} 22. fxe5 {[%clk 0:16:26]} Qxe5 {[%clk 0:47:37]}
23. Nd4 {[%clk 0:12:50]} h4 {[%clk 0:46:06]} 24. Nf5 {[%clk 0:11:09]} hxg3+
{[%clk 0:46:27]} 25. Kh1 {[%clk 0:11:31]} Ke8 {[%clk 0:45:48]} 26. Ng7+ {[%clk
0:10:55]} Kf8 {[%clk 0:46:02]} 27. Qh6 {[%clk 0:11:05]} Kg8 {[%clk 0:42:48]}
28. Nf5 {[%clk 0:10:53]} Bf8 {[%clk 0:43:02]} 29. Qh4 {[%clk 0:10:44]} Qxc3
{[%clk 0:42:25]} 30. Qg4+ {[%clk 0:11:05]} 1/2-1/2

[Event "DVM U16 2014"]
[Site "Magdeburg GER"]
[Date "2014.12.30"]
[Round "7"]
[White "Tiedemann, Fin Niklas"]
[Black "Hofmann, Timo"]
[Result "0-1"]
[Termination "normal"]
[Board "3.4"]
[WhiteElo "1709"]
[BlackElo "1716"]
[WhiteClock "00:21:44"]
[BlackClock "00:03:40"]
[WhiteTeam "Lübecker SV"]
[BlackTeam "Schachgemeinschaft Leipzig"]
[PlyCount "92"]
[WhiteFideId "12936936"]
[BlackFideId "12946044"]
[EventCountry "GER"]
[EventRounds "7"]
[EventType "team-swiss"]
[EventDate "2014.12.26"]

1. e4 e6 2. d3 d5 3. Nd2 c5 4. g3 Nc6 5. Bg2 g6 6. Ngf3 Bg7 7. O-O Nge7 8. Re1
Qc7 9. Qe2 a5 10. c3 O-O 11. e5 b5 12. d4 cxd4 13. cxd4 Nf5 14. Rd1 Nfxd4 15.
Qd3 Nxf3+ 16. Nxf3 Nxe5 17. Nxe5 Bxe5 18. Qxb5 Ba6 19. Qa4 Rfc8 20. Bh6 Bxb2
21. Rab1 Bg7 22. Rdc1 Qd8 23. Bxg7 Kxg7 24. Rd1 Qc7 25. Qd4+ Kg8 26. Bh3 Qc3
27. Qf4 Qc2 28. Qf6 Qc3 29. Qf4 Kg7 30. Qg5 Qf6 31. Qd2 Bc4 32. Rb2 Rcb8 33.
Rc2 Rb5 34. Bg2 Rab8 35. h4 Rb2 36. Rdc1 a4 37. a3 R8b3 38. Kh2 Rxc2 39. Rxc2
Rxa3 40. h5 gxh5 41. Qa5 Ra1 42. Rxc4 dxc4 43. Qc5 a3 44. Bh3 a2 45. Qxh5 Qxf2+
46. Bg2 Rh1+ 0-1

[Event "DVM U16 2014"]
[Site "Magdeburg GER"]
[Date "2014.12.30"]
[Round "7"]
[White "Sabirov, Ramil"]
[Black "Hammann, Jonas"]
[Result "1/2-1/2"]
[Termination "normal"]
[Board "4.1"]
[WhiteElo "1922"]
[BlackElo "1872"]
[WhiteClock "00:07:06"]
[BlackClock "00:04:10"]
[WhiteTeam "SG Porz"]
[BlackTeam "Stader SV"]
[PlyCount "65"]
[WhiteFideId "12900303"]
[BlackFideId "12930601"]
[EventCountry "GER"]
[EventRounds "7"]
[EventType "team-swiss"]
[EventDate "2014.12.26"]

1. Nf3 d5 2. c4 c6 3. e3 Nf6 4. Nc3 Nbd7 5. Qc2 e6 6. b3 Bd6 7. Bb2 Qe7 8. Be2
a6 9. d4 dxc4 10. Bxc4 b5 11. Be2 c5 12. O-O Bb7 13. dxc5 Nxc5 14. Nd4 Rc8 15.
Qd1 O-O 16. Bf3 b4 17. Nb1 Nce4 18. Nd2 Nxd2 19. Qxd2 Bxf3 20. Nxf3 Ne4 21. Qe2
a5 22. Nd4 Rc5 23. f4 Rfc8 24. Qg4 Nc3 25. Kh1 f5 26. Qf3 Ne4 27. Rfc1 Rxc1+
28. Rxc1 Rxc1+ 29. Bxc1 Bc5 30. Bb2 Bxd4 31. exd4 Qc7 32. Qh5 g6 33. Qh4
1/2-1/2

[Event "DVM U16 2014"]
[Site "Magdeburg GER"]
[Date "2014.12.30"]
[Round "7"]
[White "Dittmann, Tobias"]
[Black "Brungs, Sven"]
[Result "0-1"]
[Termination "normal"]
[Board "4.2"]
[WhiteElo "1773"]
[BlackElo "1891"]
[WhiteClock "00:06:38"]
[BlackClock "00:06:28"]
[WhiteTeam "Stader SV"]
[BlackTeam "SG Porz"]
[PlyCount "110"]
[WhiteFideId "12964360"]
[BlackFideId "12946257"]
[EventCountry "GER"]
[EventRounds "7"]
[EventType "team-swiss"]
[EventDate "2014.12.26"]

1. e4 c6 2. d4 d5 3. exd5 cxd5 4. Bd3 Nf6 5. c3 Nc6 6. Bf4 Bg4 7. Qb3 Bc8 8.
Nf3 e6 9. Nbd2 Bd6 10. Bg3 O-O 11. Qc2 h6 12. Ne5 Bxe5 13. dxe5 Nd7 14. f4 Nc5
15. Bf2 Nxd3+ 16. Qxd3 b6 17. O-O-O Qc7 18. Bh4 Ne7 19. g4 Bb7 20. Rhg1 a5 21.
Qh3 Ng6 22. g5 hxg5 23. Bxg5 d4 24. Rg3 Rac8 25. Nb1 dxc3 26. Nxc3 Qc4 27. Kb1
Be4+ 28. Ka1 Bf5 29. Qg2 a4 30. h4 Nxf4 31. Qf2 Nh5 32. Rgg1 a3 33. Bc1 axb2+
34. Bxb2 b5 35. Rg5 Bg6 36. Qf3 Ra8 37. Rg4 Qc5 38. Ne4 Qa7 39. Qb3 Rab8 40.
Ng5 Bf5 41. Rg2 Rfd8 42. Rgd2 Qa8 43. Qb4 Rxd2 44. Qxd2 Bg6 45. Qd6 Nf4 46. Qd4
Nd5 47. Nh3 Rc8 48. Nf4 Rc4 49. Nxd5 Rxd4 50. Ne7+ Kh7 51. Bxd4 Qa4 52. Rd2 Qb4
53. Rd1 Qxe7 54. Rh1 Qb4 55. Bb2 Qe4 0-1

[Event "DVM U16 2014"]
[Site "Magdeburg GER"]
[Date "2014.12.30"]
[Round "7"]
[White "Niesel, Tobias"]
[Black "Kragge, Jan"]
[Result "1-0"]
[Termination "normal"]
[Board "4.3"]
[WhiteElo "1806"]
[BlackElo "1800"]
[WhiteClock "01:28:36"]
[BlackClock "00:01:26"]
[WhiteTeam "SG Porz"]
[BlackTeam "Stader SV"]
[PlyCount "119"]
[WhiteFideId "12962155"]
[BlackFideId "12930415"]
[EventCountry "GER"]
[EventRounds "7"]
[EventType "team-swiss"]
[EventDate "2014.12.26"]

1. c4 e5 2. g3 Nf6 3. Bg2 Be7 4. Nc3 O-O 5. e3 d6 6. Nge2 Re8 7. d3 Nbd7 8. Rb1
Bf8 9. O-O Nb6 10. b4 a5 11. a3 axb4 12. axb4 c6 13. b5 d5 14. bxc6 bxc6 15.
Qb3 Nbd7 16. cxd5 Nc5 17. Qc2 cxd5 18. d4 Ncd7 19. dxe5 Nxe5 20. Rd1 Qc7 21. f4
Neg4 22. Nd4 Nxe3 23. Bxe3 Rxe3 24. Nxd5 Nxd5 25. Qxc7 Nxc7 26. Bxa8 Nxa8 27.
Rb8 Bg4 28. Rc1 Rd3 29. Nc6 Rd7 30. Rxa8 Rc7 31. Ra7 Rxa7 32. Nxa7 Bd7 33. Kg2
g6 34. Kf3 Kg7 35. g4 Ba3 36. Rc2 Bb4 37. Rc7 Ba4 38. h3 Ba5 39. Rc1 Bd7 40.
Nc6 Bd2 41. Rc2 Bxc6+ 42. Rxc6 g5 43. fxg5 Bxg5 44. Kg3 h6 45. h4 Bd2 46. Kf2
Bb4 47. Kf3 Be1 48. h5 Bb4 49. Ke4 Be1 50. Kd5 Bh4 51. Kd6 Bg5 52. Kd7 Kf8 53.
Rc8+ Kg7 54. Ke8 f6 55. Rc7+ Kg8 56. Kd7 Kf7 57. Kd6+ Kf8 58. Ke6 Bh4 59. Rf7+
Kg8 60. Rxf6 1-0

[Event "DVM U16 2014"]
[Site "Magdeburg GER"]
[Date "2014.12.30"]
[Round "7"]
[White "Fragel, Max"]
[Black "Yang, Daniel"]
[Result "1-0"]
[Termination "normal"]
[Board "4.4"]
[WhiteElo "1768"]
[BlackElo "1587"]
[WhiteClock "01:11:56"]
[BlackClock "00:08:27"]
[WhiteTeam "Stader SV"]
[BlackTeam "SG Porz"]
[PlyCount "63"]
[WhiteFideId "12914193"]
[BlackFideId "12946273"]
[EventCountry "GER"]
[EventRounds "7"]
[EventType "team-swiss"]
[EventDate "2014.12.26"]

1. e4 c6 2. d4 d5 3. e5 Bf5 4. h4 h6 5. g4 Bg6 6. h5 Bh7 7. e6 fxe6 8. Bd3 Nf6
9. Bxh7 Rxh7 10. Qd3 Kd7 11. Nf3 Kc8 12. g5 Ne4 13. Nc3 Qa5 14. Bd2 Nxd2 15.
Kxd2 Rh8 16. Ne5 Qc7 17. Ne2 hxg5 18. Nf7 Rh6 19. Nxh6 gxh6 20. Qg6 Qd6 21. Rh3
Kd7 22. Rf3 Na6 23. Qg8 Qb8 24. Rh1 Nc7 25. Nc1 e5 26. Nd3 Ne6 27. Nxe5+ Kd6
28. c3 Qc7 29. Ng6 Qc8 30. Qf7 Qd7 31. Re1 Bg7 32. Rfe3 1-0

[Event "DVM U16 2014"]
[Site "Magdeburg GER"]
[Date "2014.12.30"]
[Round "7"]
[White "Thieu, Nguyen Gia Luat"]
[Black "Bergauz, Noam"]
[Result "0-1"]
[Termination "normal"]
[Board "5.1"]
[WhiteElo "1677"]
[BlackElo "2264"]
[WhiteTeam "SK Lehrte"]
[BlackTeam "SK München Südost"]
[PlyCount "108"]
[WhiteFideId "12934321"]
[BlackFideId "12938033"]
[EventCountry "GER"]
[EventRounds "7"]
[EventType "team-swiss"]
[EventDate "2014.12.26"]

1. e4 e6 2. d3 d5 3. Nd2 Nf6 4. Ngf3 c5 5. g3 Nc6 6. Bg2 g6 7. O-O Bg7 8. c3
O-O 9. Qc2 b6 10. Re1 Ba6 11. exd5 Nxd5 12. Qa4 Qc8 13. Qc2 Qc7 14. Nc4 Rad8
15. Bd2 h6 16. a3 Bc8 17. Ne3 e5 18. Nxd5 Rxd5 19. Rad1 Bf5 20. Be3 c4 21. Bf1
Rfd8 22. Qc1 cxd3 23. Bxh6 e4 24. Nh4 Bg4 25. Bxg7 Kxg7 26. Rd2 Re5 27. h3 Be6
28. Bg2 Na5 29. Rxe4 Nb3 30. Qd1 Nxd2 31. Qxd2 Rxe4 32. Bxe4 Qe5 33. Bf3 Bxh3
34. Ng2 Bf5 35. Ne3 Rh8 36. Nxf5+ Qxf5 37. Bg2 Re8 38. Bf1 Qe4 39. Bxd3 Qe1+
40. Qxe1 Rxe1+ 41. Kg2 Rd1 42. Bc4 Rb1 43. b3 Rc1 44. Kf3 f5 45. g4 b5 46. Be6
Rxc3+ 47. Kf4 fxg4 48. Kxg4 Rc2 49. Bd7 Rxf2 50. Bxb5 Kf6 51. Bc4 g5 52. a4
Rf4+ 53. Kg3 a5 54. Bg8 Ke5 0-1

[Event "DVM U16 2014"]
[Site "Magdeburg GER"]
[Date "2014.12.30"]
[Round "7"]
[White "Müller, Constantin"]
[Black "Heise, Tobias"]
[Result "1-0"]
[Termination "normal"]
[Board "5.2"]
[WhiteElo "2082"]
[BlackElo "1664"]
[WhiteClock "00:16:45"]
[BlackClock "00:01:00"]
[WhiteTeam "SK München Südost"]
[BlackTeam "SK Lehrte"]
[PlyCount "87"]
[WhiteFideId "24697630"]
[BlackFideId "12949280"]
[EventCountry "GER"]
[EventRounds "7"]
[EventType "team-swiss"]
[EventDate "2014.12.26"]

1. d4 {[%clk 1:30:54]} d5 {[%clk 1:30:37]} 2. c4 {[%clk 1:31:03]} e6 {[%clk
1:30:45]} 3. Nf3 {[%clk 1:31:25]} Nf6 {[%clk 1:30:42]} 4. g3 {[%clk 1:31:46]}
b6 {[%clk 1:29:33]} 5. Ne5 {[%clk 1:29:20]} c6 {[%clk 1:24:41]} 6. Bg2 {[%clk
1:28:39]} Bd6 {[%clk 1:20:30]} 7. O-O {[%clk 1:24:19]} Bxe5 {[%clk 1:15:06]} 8.
dxe5 {[%clk 1:24:42]} Nfd7 {[%clk 1:15:06]} 9. cxd5 {[%clk 1:22:50]} cxd5
{[%clk 1:05:55]} 10. e4 {[%clk 1:22:49]} d4 {[%clk 0:59:07]} 11. Qxd4 {[%clk
1:22:06]} Nc6 {[%clk 0:59:30]} 12. Qc3 {[%clk 1:21:30]} Ncxe5 {[%clk 0:52:26]}
13. Qa3 {[%clk 0:58:02]} Qe7 {[%clk 0:46:55]} 14. b3 {[%clk 0:58:06]} Qc5
{[%clk 0:42:26]} 15. Be3 {[%clk 0:54:05]} Qxa3 {[%clk 0:42:34]} 16. Nxa3 {[%clk
0:54:27]} O-O {[%clk 0:39:57]} 17. Rfd1 {[%clk 0:54:09]} Ng4 {[%clk 0:32:50]}
18. Bd4 {[%clk 0:52:20]} e5 {[%clk 0:26:54]} 19. Bb2 {[%clk 0:51:32]} f6 {[%clk
0:26:39]} 20. Nb5 {[%clk 0:48:52]} Nc5 {[%clk 0:24:22]} 21. Ba3 {[%clk
0:46:04]} a6 {[%clk 0:21:59]} 22. Nd6 {[%clk 0:44:12]} Ra7 {[%clk 0:17:22]} 23.
Nxc8 {[%clk 0:41:27]} Rxc8 {[%clk 0:17:44]} 24. Bh3 {[%clk 0:41:47]} f5 {[%clk
0:13:52]} 25. exf5 {[%clk 0:41:59]} Nf6 {[%clk 0:14:14]} 26. Rd6 {[%clk
0:41:23]} Ncd7 {[%clk 0:13:44]} 27. Rad1 {[%clk 0:36:54]} Rc2 {[%clk 0:12:35]}
28. R1d2 {[%clk 0:37:07]} Rxd2 {[%clk 0:12:13]} 29. Rxd2 {[%clk 0:37:31]} Rc7
{[%clk 0:12:39]} 30. Bg2 {[%clk 0:36:31]} h6 {[%clk 0:11:50]} 31. h3 {[%clk
0:36:28]} a5 {[%clk 0:10:25]} 32. g4 {[%clk 0:26:46]} b5 {[%clk 0:10:02]} 33.
Bd6 {[%clk 0:25:51]} Rc1+ {[%clk 0:09:33]} 34. Kh2 {[%clk 0:26:14]} Kf7 {[%clk
0:08:57]} 35. Re2 {[%clk 0:24:20]} Ra1 {[%clk 0:06:10]} 36. Bc6 {[%clk
0:22:58]} b4 {[%clk 0:04:30]} 37. Bb5 {[%clk 0:23:04]} Kg8 {[%clk 0:04:15]} 38.
Bc7 {[%clk 0:21:05]} Nd5 {[%clk 0:03:31]} 39. Bc4 {[%clk 0:21:09]} Rd1 {[%clk
0:01:24]} 40. Bxa5 {[%clk 0:19:43]} N7f6 {[%clk 0:00:42]} 41. Bxb4 {[%clk
0:17:48]} Kh7 {[%clk 0:00:56]} 42. Bxd5 {[%clk 0:17:13]} Nxd5 {[%clk 0:01:14]}
43. Bd2 {[%clk 0:16:52]} Ra1 {[%clk 0:01:00]} 44. Rxe5 {[%clk 0:16:45]} 1-0

[Event "DVM U16 2014"]
[Site "Magdeburg GER"]
[Date "2014.12.30"]
[Round "7"]
[White "Koepp, Jan"]
[Black "Leeb, Simon"]
[Result "0-1"]
[Termination "normal"]
[Board "5.3"]
[WhiteElo "1581"]
[BlackElo "2000"]
[WhiteClock "00:35:12"]
[BlackClock "00:34:44"]
[WhiteTeam "SK Lehrte"]
[BlackTeam "SK München Südost"]
[PlyCount "44"]
[WhiteFideId "12965090"]
[BlackFideId "12924768"]
[EventCountry "GER"]
[EventRounds "7"]
[EventType "team-swiss"]
[EventDate "2014.12.26"]

1. e4 c5 2. Nf3 Nc6 3. Nc3 g6 4. d4 cxd4 5. Nxd4 Bg7 6. Be3 d6 7. Bc4 Nf6 8. f3
Qc7 9. Qd2 Nxd4 10. Bxd4 Qxc4 11. O-O-O Be6 12. Kb1 O-O 13. g4 Rac8 14. h4 h5
15. gxh5 Nxh5 16. Bxg7 Kxg7 17. f4 Nf6 18. Rde1 d5 19. f5 d4 20. Nd5 Nxe4 21.
Rxe4 Bxd5 22. b3 Qxc2+ 0-1

[Event "DVM U16 2014"]
[Site "Magdeburg GER"]
[Date "2014.12.30"]
[Round "7"]
[White "Huber, Benedikt"]
[Black "Stelmaszyk, Nico"]
[Result "1-0"]
[Termination "normal"]
[Board "5.4"]
[WhiteElo "1798"]
[BlackElo "1504"]
[WhiteTeam "SK München Südost"]
[BlackTeam "SK Lehrte"]
[PlyCount "117"]
[WhiteFideId "12923583"]
[BlackFideId "16200462"]
[EventCountry "GER"]
[EventRounds "7"]
[EventType "team-swiss"]
[EventDate "2014.12.26"]

1. d4 d5 2. Bf4 e6 3. e3 c5 4. Nc3 Bd6 5. Bxd6 Qxd6 6. Nf3 Nc6 7. Be2 Nf6 8.
O-O cxd4 9. exd4 O-O 10. Re1 Bd7 11. Bd3 Rfe8 12. Nb5 Qb8 13. Ne5 a6 14. Nc3
Qa7 15. Ne2 Nxe5 16. dxe5 Ng4 17. Nd4 Nxf2 18. Bxh7+ Kxh7 19. Kxf2 Rf8 20. Kg1
f6 21. Kh1 fxe5 22. Qh5+ Kg8 23. Qxe5 Rf6 24. c3 Raf8 25. h3 Qb6 26. b4 a5 27.
Rab1 axb4 28. Rxb4 Qa6 29. Nf3 b5 30. Re2 Qa7 31. Qd6 Rg6 32. Rd4 Rc8 33. Rc2
Qc7 34. Qe5 Rf6 35. Qg5 Qa5 36. Rg4 Rf7 37. Ne5 Rcf8 38. Nxf7 Rxf7 39. Rf4 Rxf4
40. Qxf4 Qa4 41. Qxa4 bxa4 42. Kg1 Kf7 43. Kf2 e5 44. Ke3 Ke6 45. g4 Kd6 46.
Rf2 Ke6 47. g5 Bb5 48. a3 Bc4 49. h4 Kd6 50. h5 Kc5 51. Rd2 Kb5 52. h6 gxh6 53.
gxh6 d4+ 54. cxd4 exd4+ 55. Kxd4 Bg8 56. Rg2 Bh7 57. Rg7 Bc2 58. h7 Bxh7 59.
Rxh7 1-0

[Event "DVM U16 2014"]
[Site "Magdeburg GER"]
[Date "2014.12.30"]
[Round "7"]
[White "Rausch, Adrian"]
[Black "Storch, Domenic"]
[Result "1-0"]
[Termination "normal"]
[Board "6.2"]
[WhiteElo "1787"]
[BlackElo "1596"]
[WhiteTeam "SV Backnang"]
[BlackTeam "SG Turm Leipzig"]
[PlyCount "37"]
[WhiteFideId "12929069"]
[BlackFideId "16200470"]
[EventCountry "GER"]
[EventRounds "7"]
[EventType "team-swiss"]
[EventDate "2014.12.26"]

1. Nf3 Nf6 2. e3 g6 3. d4 Bg7 4. g3 O-O 5. Bg2 d6 6. c4 Nbd7 7. Nc3 e5 8. O-O
Nh5 9. b3 f5 10. Ba3 Re8 11. Qd2 a5 12. Rad1 Nf8 13. dxe5 Bxe5 14. Nxe5 Rxe5
15. Bd5+ Kh8 16. Bb2 Ng7 17. Ne2 Re8 18. Bf7 Re7 19. Bf6 1-0

[Event "DVM U16 2014"]
[Site "Magdeburg GER"]
[Date "2014.12.30"]
[Round "7"]
[White "Hummel, Felician"]
[Black "Soos, Philipp"]
[Result "1/2-1/2"]
[Termination "normal"]
[Board "6.3"]
[WhiteElo "1627"]
[BlackElo "1700"]
[WhiteClock "00:09:56"]
[BlackClock "00:14:19"]
[WhiteTeam "SG Turm Leipzig"]
[BlackTeam "SV Backnang"]
[PlyCount "64"]
[WhiteFideId "16200489"]
[BlackFideId "12943967"]
[EventCountry "GER"]
[EventRounds "7"]
[EventType "team-swiss"]
[EventDate "2014.12.26"]

1. d4 Nf6 2. Nf3 g6 3. Nbd2 Bg7 4. e4 d6 5. Bd3 O-O 6. O-O Nbd7 7. c3 c5 8. Re1
cxd4 9. Nxd4 Ne5 10. Bc2 Qb6 11. N2f3 Nfg4 12. h3 Nxf3+ 13. Qxf3 Ne5 14. Qe2
Bd7 15. Bb3 Rac8 16. Be3 Qc7 17. Bg5 Rfe8 18. Nf3 Qc5 19. Be3 Qc7 20. Bd4 Nxf3+
21. Qxf3 Rf8 22. Qe3 b6 23. Bxg7 Kxg7 24. Rad1 f6 25. f4 Bc6 26. Be6 Rcd8 27.
g4 Bd7 28. Bb3 Bc8 29. g5 Qc5 30. h4 fxg5 31. Qxc5 bxc5 32. fxg5 Rf4 1/2-1/2

[Event "DVM U16 2014"]
[Site "Magdeburg GER"]
[Date "2014.12.30"]
[Round "7"]
[White "Zouani, Samir"]
[Black "Buschmann, Johannes"]
[Result "0-1"]
[Termination "normal"]
[Board "6.4"]
[WhiteElo "1597"]
[BlackElo "1383"]
[WhiteTeam "SV Backnang"]
[BlackTeam "SG Turm Leipzig"]
[PlyCount "60"]
[WhiteFideId "12946206"]
[BlackFideId "16200497"]
[EventCountry "GER"]
[EventRounds "7"]
[EventType "team-swiss"]
[EventDate "2014.12.26"]

1. e4 c6 2. d4 d5 3. e5 Bf5 4. c3 e6 5. Nf3 Nd7 6. g3 c5 7. Bg2 Ne7 8. O-O Nc6
9. Nh4 Bg6 10. Nxg6 hxg6 11. Be3 Qb6 12. b3 cxd4 13. cxd4 Be7 14. Nc3 O-O 15.
Ne2 Rac8 16. f4 Nb4 17. Bf2 Qa6 18. Nc1 Nc2 19. Rb1 Ba3 20. Qd3 Qa5 21. Ne2 Rc6
22. Be1 Nxe1 23. Rbxe1 Rfc8 24. Qb1 Rc2 25. Qa1 Rd2 26. Nc1 Rcc2 27. Bf3 Bb2
28. Ne2 Bxa1 29. Rxa1 Rxe2 30. Bxe2 Rxe2 0-1